000 00624nam a22002177a 4500
003 LK-CoMWRAF
005 20231109105449.0
008 231007b1977 |||||||| |||| 00| 0 eng d
020 _a0256018847
040 _aLK-CoMWRAF
_dLK-CoMWRAF
_eLK-CoMWRAF
041 _aeng
082 _a658.3
_bWEX
100 _aWexley, Kenneth N.
245 _aOrganizational behavior and personnel psychology
260 _aHomewood:
_bRichard D. Irwin,
_c1977
300 _a xiv, 375 p. : ill. ; 23 cm.
_bIndex included
650 _aORGANIZATIONAL BEHAVIOR
650 _aPERSONNEL MANAGEMENT
700 _a Yukl, Gary A.
942 _cBK
999 _c3807
_d3807